Měření na elektrických strojích : 5. Měření na synchronních strojích
Enregistré dans:
| Auteurs principaux: | , , |
|---|---|
| Format: | Livre |
| Langue: | tchèque |
| Publié: |
Praha :
SNTL,
1964
|
| Édition: | 1. vyd. |
| Tags: |
Pas de tags, Soyez le premier à ajouter un tag!
|
MARC
| LEADER | 00000nam a22000003a 4500 | ||
|---|---|---|---|
| 001 | stu53381 | ||
| 005 | 20150617225703.5 | ||
| 008 | 000428s1964----cs------------------cze-d | ||
| 040 | |a STU |b slo | ||
| 041 | 0 | |a cze | |
| 044 | |a cs | ||
| 080 | |a 621.317.2 | ||
| 080 | |a 621.313.32.001.4 | ||
| 100 | 1 | |a Bašta, Jan |4 aut | |
| 245 | 1 | |a Měření na elektrických strojích : |b 5. Měření na synchronních strojích | |
| 250 | |a 1. vyd. | ||
| 260 | |a Praha : |b SNTL, |c 1964 | ||
| 300 | |a 305 s | ||
| 700 | 1 | |a Kulda, Vojtěch |4 aut | |
| 700 | 1 | |a Zoubek, Zdeněk |4 aut | |
| 996 | |b 284EK04370 |c E*8685 |l EE01 |s A |a 24 |w stu53381_0001 | ||